Introduction (notice n° 1760822)

détails MARC
000 -LEADER
fixed length control field 01426cam a2200169 4500500
005 - DATE AND TIME OF LATEST TRANSACTION
control field 20260322010936.0
041 ## - LANGUAGE CODE
Language code of text/sound track or separate title fre
042 ## - AUTHENTICATION CODE
Authentication code dc
100 10 - MAIN ENTRY--PERSONAL NAME
Personal name Chapon-Crouzet, Nathalie
Relator term author
245 00 - TITLE STATEMENT
Title Introduction
260 ## - PUBLICATION, DISTRIBUTION, ETC.
Date of publication, distribution, etc. 2005.<br/>
500 ## - GENERAL NOTE
General note 37
520 ## - SUMMARY, ETC.
Summary, etc. Magistrate depuis 1969, Simone Gaboriau est la première femme élue à la tête du Syndicat de la magistrature en 1982. Durant son mandat et en partie sous son impulsion, l’association des Magistrat·es européen·nes pour la démocratie et les libertés (MEDEL) est créée. Elle a exercé ses premières fonctions au parquet de Chaumont puis est devenue la première juge d’instruction à Bordeaux à l’âge de 28 ans, avant d’être conseillère à la Cour d’appel de Bordeaux en 1985. Elle a ensuite présidé le tribunal de grande instance de Limoges de 1990 à 2002. Retraitée depuis 2010, elle continue à s’investir au sein du syndicat. Elle contribue de longue date à la rédaction d’articles pour la revue Délibérée et continue ses engagements auprès de MEDEL. Militante, humaniste, Simone Gaboriau se livre sur son parcours et donne un précieux regard sur les enjeux de la magistrature et du syndicalisme judiciaire.
700 10 - ADDED ENTRY--PERSONAL NAME
Personal name Neyrand, Gérard
Relator term author
786 0# - DATA SOURCE ENTRY
Note Dialogue | 167 | 1 | 2005-03-01 | p. 3-6 | 0242-8962
856 41 - ELECTRONIC LOCATION AND ACCESS
Uniform Resource Identifier <a href="https://shs.cairn.info/revue-dialogue-2005-1-page-3?lang=fr&redirect-ssocas=7080">https://shs.cairn.info/revue-dialogue-2005-1-page-3?lang=fr&redirect-ssocas=7080</a>

Pas d'exemplaire disponible.

PLUDOC

PLUDOC est la plateforme unique et centralisée de gestion des bibliothèques physiques et numériques de Guinée administré par le CEDUST. Elle est la plus grande base de données de ressources documentaires pour les Étudiants, Enseignants chercheurs et Chercheurs de Guinée.

Adresse

627 919 101/664 919 101

25 boulevard du commerce
Kaloum, Conakry, Guinée

Réseaux sociaux

Powered by Netsen Group @ 2025